XI Roku 2021 wg. Tygodnika "Piłka Nożna" (spoza Europy) - Statystyki

Ogólne statystyki
  • Ten quiz został rozwiązany 186 razy
  • Średni wynik to 10 z 11
Statystyki odpowiedzi
Pozycja Kraj Klub Zawodnik % Poprawnych
ŚN/PS Argentyna Barcelona / PSG Lionel Messi
98%
PS Egipt Liverpool Mohamed Salah
98%
LS Senegal Liverpool Sadio Mane
98%
ŚPD Brazylia Real Madryt Casemiro
95%
ŚO Brazylia Chelsea Thiago Silva
95%
LO Kanada Bayern Alphonso Davies
94%
BR Senegal Chelsea Edouard Mendy
93%
LS Brazylia Real Madryt Vinicius
93%
PO Kolumbia Juventus Juan Cuadrado
90%
ŚO Brazylia PSG Marquinhos
80%
ŚPD WKS Milan Franck Kessie
71%
Nie znaleziono quizów pasujących do podanych kryteriów
Rozkład punktacji
Procent ludzi z każdym wynikiem
Percentyl według liczby udzielonych odpowiedzi
Twoja historia wyników
Nie rozwiązałeś tego quizu